000 00615nam a2200193 a 4500
001 2358
005 20140414131844.0
008 050531s19uu xx 00 eng d
020 _a971-590-412-2
050 _aM 152.4
_bEn3 2003
100 _aEngelhardt, Lisa O.
245 _aRight and wrong and being strong :
_ba kid's guide /
_cwritten by Lisa O. Engelhardt ; illustrated by R. W. Alley.
260 _aPasay City :
_bPaulines Publishing House,
_c2003.
300 _a1 v. p. : ill. ; cm.
440 _aElf-help books for kids
650 _aEmotions and feelings.
650 _aAttitude.
999 _c109855
_d109855